Taiwan by Picture #3 - Statistics

General Stats
  • This quiz has been taken 12 times
  • The average score is 8 of 16
Answer Stats
Picture Hint Answer % Correct
Former colonizer Empire of Japan
100%
Democratizing president Lee Teng-hui
67%
Major city Tainan
67%
Major company Foxconn
58%
Current currency New Taiwan Dollar
58%
Taipei tourist attraction Chiang Kai-shek Memorial Hall
50%
Biggest county Hualien
50%
Popular dish Fish balls
42%
Minor political party New Power Party
42%
National park Yangmingshan
42%
Longest river Zhuoshui River
42%
Chewable stimulant Betel nut
33%
Unofficial national animal Formosan rock macaque
33%
Unofficial national bird Mikado pheasant
33%
Semi-oxidized tea Oolong
33%
Cold dessert Shaved ice
33%
No matching quizzes found
Score Distribution
Percent of People with Each Score
Percentile by Number Answered
Your Score History
You have not taken this quiz